[Event "Posadas op"]
[Site "Posadas"]
[Date "2022.10.30"]
[Round "5"]
[White "Carlino, Esteban Ezequiel"]
[Black "Rivas, Omar Ramon"]
[Result "1-0"]
[WhiteElo "1829"]
[BlackElo "1697"]
[PlyCount "112"]
[EventDate "2022.10.29"]
[EventType "swiss"]
[EventRounds "6"]
[EventCountry "ARG"]
[SourceTitle "EXT 2024"]
[Source "ChessBase"]
[SourceDate "2023.10.10"]
[SourceVersion "1"]
[SourceVersionDate "2023.10.10"]
[SourceQuality "1"]

1. c4 Nf6 2. Nc3 e5 3. Nf3 Nc6 4. g3 a6 5. Bg2 Bc5 6. e3 d6 7. d4 exd4 8. exd4 Qe7+ 9. Be3 Bb4 10. 0-0 0-0 11. Bg5 Bxc3 12. bxc3 Bg4 13. Re1 Qd8 14. Qd3 h6 15. Bf4 Qd7 16. d5 Bf5 17. dxc6 Bxd3 18. cxd7 Nxd7 19. Nd2 g5 20. Be3 c6 21. Be4 Ne5 22. Bxd3 Nxd3 23. Reb1 b5 24. cxb5 axb5 25. Ne4 d5 26. Nc5 Ne5 27. a4 bxa4 28. Rxa4 Rxa4 29. Nxa4 Ra8 30. Nc5 h5 31. Kg2 g4 32. Bf4 Nf3 33. Rb8+ Rxb8 34. Bxb8 Ne1+ 35. Kh1 f6 36. h3 Kf7 37. hxg4 hxg4 38. Bf4 Ke7 39. Kg1 Nf3+ 40. Kf1 d4 41. cxd4 Nxd4 42. Ke1 Nf3+ 43. Ke2 Ne5 44. Ke3 Kd6 45. Nd3 Kd5 46. Nb4+ Kc5 47. Bxe5 fxe5 48. Nxc6 Kxc6 49. Ke4 Kd6 50. Kf5 Kd5 51. Kxg4 Kd4 52. f4 Kd5 53. fxe5 Kxe5 54. Kg5 Ke6 55. Kg6 Ke7 56. Kg7 Ke6 1-0

[Event "Posadas op"]
[Site "Posadas"]
[Date "2022.10.29"]
[Round "2"]
[White "Cabrera, Mario Alberto"]
[Black "Rivas, Omar Ramon"]
[Result "0-1"]
[WhiteElo "1485"]
[BlackElo "1697"]
[PlyCount "75"]
[EventDate "2022.10.29"]
[EventType "swiss"]
[EventRounds "6"]
[EventCountry "ARG"]
[SourceTitle "EXT 2024"]
[Source "ChessBase"]
[SourceDate "2023.10.10"]
[SourceVersion "1"]
[SourceVersionDate "2023.10.10"]
[SourceQuality "1"]

1. d4 Nf6 2. e3 d5 3. Bd3 c6 4. Nd2 Bg4 5. f3 Bh5 6. g4 Bg6 7. Qe2 e6 8. e4 dxe4 9. fxe4 Qxd4 10. Ngf3 Qb6 11. Nc4 Qc7 12. Nfe5 Nbd7 13. Nxg6 hxg6 14. e5 Nd5 15. Rf1 b5 16. Nd6+ Bxd6 17. exd6 Qxd6 18. Qf3 Ne5 19. Qg3 Nxd3+ 20. Qxd3 Qe5+ 21. Qe2 Qxe2+ 22. Kxe2 Rxh2+ 23. Rf2 Rxf2+ 24. Kxf2 Ke7 25. Bd2 Rh8 26. Bg5+ f6 27. Be3 Nxe3 28. Kxe3 e5 29. a4 b4 30. c3 Rh3+ 31. Kd2 bxc3+ 32. bxc3 Rg3 33. Rb1 Rxg4 34. Rb7+ Kd6 35. Rxa7 f5 36. a5 Kc5 37. Ke3 f4+ 38. Kf2 0-1

[Event "Posadas op"]
[Site "Posadas"]
[Date "2022.10.29"]
[Round "3"]
[White "Rivas, Omar Ramon"]
[Black "Fernandez, Gabriela"]
[Result "1-0"]
[WhiteElo "1697"]
[BlackElo "1620"]
[PlyCount "91"]
[EventDate "2022.10.29"]
[EventType "swiss"]
[EventRounds "6"]
[EventCountry "ARG"]
[SourceTitle "EXT 2024"]
[Source "ChessBase"]
[SourceDate "2023.10.10"]
[SourceVersion "1"]
[SourceVersionDate "2023.10.10"]
[SourceQuality "1"]

1. e4 c5 2. Nc3 d6 3. f4 Nc6 4. Bb5 Bd7 5. Nf3 g6 6. 0-0 Bg7 7. a3 e6 8. d3 Nd4 9. Bc4 Ne7 10. Be3 Nec6 11. Rb1 0-0 12. Ne2 Nxe2+ 13. Qxe2 Qa5 14. c3 a6 15. a4 Rac8 16. h3 Rfd8 17. Ng5 h6 18. Nf3 Be8 19. f5 d5 20. Bb3 Qb6 21. Ba2 Qa5 22. fxe6 fxe6 23. exd5 exd5 24. Bb3 Kh7 25. Qf2 Qb6 26. Bc2 d4 27. Bd2 Qc7 28. Qh4 Rd5 29. Ng5+ Kh8 30. Ne6 Rh5 31. Qxh5 gxh5 32. Nxc7 Rxc7 33. Rbe1 Bg6 34. Re6 Kh7 35. Bf4 Rd7 36. Rd6 Re7 37. Rf2 dxc3 38. bxc3 Bxc3 39. Kh2 Nd4 40. Bd1 Nf5 41. Rd8 Re8 42. Bxh5 Bxh5 43. g4 Bd4 44. Rd7+ Kg6 45. gxf5+ Kxf5 46. Rxd4 1-0

[Event "Posadas op"]
[Site "Posadas"]
[Date "2022.10.29"]
[Round "1"]
[White "Rivas, Omar Ramon"]
[Black "Lugo Martinez, Jimena Sofia"]
[Result "1-0"]
[WhiteElo "1697"]
[BlackElo "1204"]
[PlyCount "59"]
[EventDate "2022.10.29"]
[EventType "swiss"]
[EventRounds "6"]
[EventCountry "ARG"]
[SourceTitle "EXT 2024"]
[Source "ChessBase"]
[SourceDate "2023.10.10"]
[SourceVersion "1"]
[SourceVersionDate "2023.10.10"]
[SourceQuality "1"]

1. e4 e5 2. Nc3 Nf6 3. Bc4 Nc6 4. Nge2 Bc5 5. h3 0-0 6. 0-0 d6 7. d3 h6 8. Na4 Bb6 9. Nxb6 axb6 10. a3 Be6 11. Bxe6 fxe6 12. f4 exf4 13. Nxf4 Qd7 14. Be3 Qf7 15. Qd2 e5 16. Nd5 Qg6 17. Nxc7 Rac8 18. Bxb6 Nh5 19. Nd5 Ng3 20. Rf2 Rce8 21. c3 Ne7 22. Rxf8+ Kxf8 23. Qf2+ Kg8 24. Nxe7+ Rxe7 25. Kh2 Nh5 26. Rf1 Re8 27. Be3 Nf6 28. Qf5 Qxf5 29. Rxf5 Re7 30. Bxh6 1-0

[Event "Misiones op"]
[Site "Misiones"]
[Date "2022.07.09"]
[Round "2"]
[White "Rivas, Omar Ramon"]
[Black "Bohachenko, Yonathan Emanuel"]
[Result "1-0"]
[WhiteElo "1687"]
[BlackElo "1437"]
[PlyCount "97"]
[EventDate "2022.07.09"]
[EventType "swiss"]
[EventRounds "6"]
[EventCountry "ARG"]
[SourceTitle "CBM 209 Extra"]
[Source "ChessBase"]
[SourceDate "2022.09.30"]
[SourceVersion "1"]
[SourceVersionDate "2022.09.30"]
[SourceQuality "1"]

1. e4 c5 2. Nc3 Nc6 3. f4 d6 4. Nf3 f5 5. Bb5 Bd7 6. d3 e5 7. 0-0 Nf6 8. exf5 Bxf5 9. fxe5 dxe5 10. Nxe5 Bd7 11. Nxd7 Qxd7 12. Qe2+ Be7 13. Re1 0-0 14. Bxc6 bxc6 15. Qxe7 Rfe8 16. Qxd7 Rxe1+ 17. Kf2 Nxd7 18. Kxe1 Re8+ 19. Kf2 Rf8+ 20. Kg1 Ne5 21. Be3 Nd7 22. Ne4 c4 23. dxc4 Re8 24. Nc5 Nb6 25. Bd4 Nxc4 26. b3 Na3 27. Rc1 Re2 28. Kf1 Rxc2 29. Rxc2 Nxc2 30. Bc3 Ne3+ 31. Kg1 Kf7 32. Nd7 Nd5 33. Bd4 Ke6 34. Nc5+ Kf7 35. g3 g6 36. Nd7 a6 37. Ne5+ Ke6 38. Nxc6 Kd6 39. Na5 Nb4 40. a3 Nc2 41. Bc3 Kd5 42. Nc4 h5 43. Kf2 Ke4 44. Ke2 g5 45. Kd2 Nd4 46. Bxd4 Kxd4 47. Ne3 Ke4 48. Ke2 g4 49. Nc2 1-0